1772 1363 1639 1802 1725 1557 1194 1501 1250 1790 1762 1432 1488 1444 1614 1171 1029 1930 1062 1833 1971 1934 1286 1763 1953 1253 1596 1911 1367 1467 1228 1367 1173 1927 1028 1022 1148 1163 1391 1971 1478 1057 1908 1158 1323 1256 1264 1811 1920 1673 1496 1946 1652 1079 1034 1386 1273 1587 1412 1456 1372 1287 1335 1074 1835 1202 1443 1976 1257 1138 1104 1804 1968 1560 1136 1115 1728 1144 1500 1317 1967 1666 1667 1504 1697 1215 1166 1179 1410 1514 1755 1054 1032 1545 1418 1868 1381 1794 1176 BCNSPRNW ULIB Ver.6.0+V

เปลี่ยนเป็นภาษาไทย

Change to English
 แสดงรายละเอียดบรรณานุกรม
  กลับหน้าหลัก

Brief Record : Get Marc (ISO 2709) : E-mail record : QR code < ปิดหน้าต่าง
LEADER : 00000nam 2200000uu 4500
001    13399107820
003     ULIB
008    110204s2552||||th 000 0 tha d
020    9789744664204
060 04 WL101^bพ254ป 2552
245 00 ประสาทวิทยาทางคลินิก =^bClinical neurology /^cบรรณาธิการ ;พรภัทร ธรรมสโรช, เพิ่มพันธุ์ ธรรมสโรช
246 31 Clinical neurology
250    พิมพ์ครั้งที่ 1
260    กรุงเทพฯ :^bจรัลสนิทวงศ์การพิมพ์,^c2552
300    237 หน้า :^bภาพประกอบ ;^c27 ซม.
650  2 Neurology
650  7 ประสาทวิทยา
650  7 ระบบประสาท, โรค^xการวินิจฉัย
650  7 ระบบประสาท, โรค^xการรักษา
700 0  พรภัทร ธรรมสโรช,^eบรรณาธิการ
700 0  เพิ่มพันธุ์ ธรรมสโรช,^eบรรณาธิการ
945    ^p460^l0^i027061
945    ^p460^l0^i026972
945    ^p460^l0^i026971
995    ทศพร
999 ^a ใช้งานได้ทุกระบบ
รายการนี้ยังไม่มีแท็ก
คุณยังไม่ได้ล็อกอิน คุณสามารถมีกิจกรรมร่วมกับเว็บไซต์ได้ แต่ต้องล็อกอินก่อน ::
  ล็อกอิน

รายการสื่อสารสนเทศ

ลำดับที่ ประเภท เลขเรียก/บาร์โค้ด สถานที่ สถานะ
- ไม่พบข้อมูล -

รายการใกล้เคียง
    หัวเรื่อง [Neurology]
    หัวเรื่อง [ประสาทวิทยา]

BibComment


ยังไม่เคยถูกคอมเมนท์

คอมเมนท์ทรัพยากรรายการนี้
  คอมเมนท์: ประสาทวิทยาทางคลิ..


 Copyright 2026. Bcnsprnw @Library